[Event "TOP 16 Poule Basse"]
[Site "Le Port Marly FRA"]
[Date "2009.05.28"]
[Round "8"]
[White "Di Paolo, R."]
[Black "Berthelot, Y."]
[Result "1/2-1/2"]
[WhiteElo "2339"]
[BlackElo "2324"]
[PlyCount "98"]
[EventDate "2009.05.28"]

1. e4 c5 2. Nf3 Nc6 3. d4 cxd4 4. Nxd4 Nf6 5. Nc3 d6 6. Bc4 e6 7. Bb3 Be7 8.
Be3 O-O 9. f4 Bd7 10. O-O Nxd4 11. Bxd4 Bc6 12. Qe2 b5 13. Rad1 b4 14. e5 dxe5
15. fxe5 Nd7 16. Ne4 Bxe4 17. Qxe4 Nc5 18. Bxc5 Bxc5+ 19. Kh1 Qc7 20. Rd3 Rfd8
21. Rh3 g6 22. c3 Rab8 23. Qh4 h5 24. Qg3 Rb6 25. Rxh5 Bf8 26. cxb4 Bg7 27. Rg5
Rd4 28. a3 Re4 29. h4 Rc6 30. h5 Rc1 31. Bd1 Qc4 32. Qf2 Rh4+ 33. Kg1 Qd4 34.
Qxd4 Rxd4 35. Bf3 Rxf1+ 36. Kxf1 Bh6 37. Rg4 Rxg4 38. Bxg4 gxh5 39. Bxh5 Bc1
40. Ke2 Bxb2 41. a4 Bxe5 42. Kd3 Kg7 43. a5 f5 44. Kc4 Kf6 45. b5 Bc7 46. b6
axb6 47. a6 Bb8 48. Kb5 Bc7 49. Be2 Kg5 1/2-1/2

[Event "TOP 16 Poule Basse"]
[Site "Le Port Marly FRA"]
[Date "2009.05.28"]
[Round "8"]
[White "Forestier, C."]
[Black "Lefevre, Ma"]
[Result "1-0"]
[WhiteElo "2099"]
[BlackElo "2021"]
[PlyCount "93"]
[EventDate "2009.05.28"]

1. d4 Nf6 2. c4 c5 3. d5 b5 4. cxb5 a6 5. b6 Qxb6 6. Nc3 d6 7. Nf3 g6 8. e4 Bg4
9. Qa4+ Bd7 10. Qc2 Bg7 11. Be2 O-O 12. O-O Bg4 13. Nd2 Bxe2 14. Nxe2 a5 15.
Nc4 Qb7 16. a4 Na6 17. Bd2 Nb4 18. Bxb4 Qxb4 19. f3 Rfb8 20. Nc1 Ne8 21. Nd3
Qb7 22. Kh1 e6 23. dxe6 fxe6 24. Rad1 Qf7 25. Qd2 d5 26. exd5 exd5 27. Nce5
Bxe5 28. Nxe5 Qe6 29. Qxd5 Qxd5 30. Rxd5 Rxb2 31. Rxc5 Ra2 32. Nc4 Ng7 33. Rb5
Rxa4 34. Ne5 Rb4 35. Rd5 a4 36. Rfd1 Nf5 37. Ng4 h5 38. Nf6+ Kf7 39. Ne4 Rb2
40. Rd7+ Kf8 41. Ng5 Rb6 42. g4 hxg4 43. fxg4 Ne3 44. Re1 Nxg4 45. Rf7+ Kg8 46.
Ree7 Nh6 47. Rg7+ 1-0

[Event "TOP 16 Poule Basse"]
[Site "Le Port Marly FRA"]
[Date "2009.05.28"]
[Round "8"]
[White "David, Alb"]
[Black "Svetushkin, D."]
[Result "0-1"]
[WhiteElo "2587"]
[BlackElo "2615"]
[PlyCount "70"]
[EventDate "2009.05.28"]

1. c4 e5 2. g3 Nf6 3. Bg2 Bc5 4. Nc3 O-O 5. Nf3 Nc6 6. O-O d6 7. e3 a6 8. d4
Ba7 9. h3 Re8 10. b3 h6 11. Bb2 e4 12. Nd2 Bf5 13. a3 Nb8 14. f3 exf3 15. Qxf3
Bc8 16. Nce4 Nbd7 17. g4 Qe7 18. Qg3 Rb8 19. a4 Nxe4 20. Nxe4 Nf8 21. Rf2 f6
22. h4 Nh7 23. Raf1 Be6 24. d5 Bd7 25. Bd4 Ra8 26. a5 Bxd4 27. exd4 Rad8 28.
Re2 Rf8 29. Rff2 Rde8 30. Kh2 Rd8 31. Re1 Qf7 32. c5 Qg6 33. h5 Qxg4 34. Qxg4
Bxg4 35. cxd6 cxd6 0-1

[Event "TOP 16 Poule Basse"]
[Site "Le Port Marly FRA"]
[Date "2009.05.28"]
[Round "8"]
[White "Riazantsev, A."]
[Black "Shirazi, K."]
[Result "1-0"]
[WhiteElo "2635"]
[BlackElo "2404"]
[PlyCount "69"]
[EventDate "2009.05.28"]

1. d4 Nf6 2. Nf3 g6 3. c4 d6 4. Nc3 Bf5 5. Qb3 b6 6. h3 c5 7. g4 Bd7 8. d5 e6
9. e4 Bg7 10. e5 dxe5 11. Nxe5 O-O 12. Bf4 exd5 13. cxd5 Re8 14. O-O-O a6 15.
d6 Rxe5 16. Bxe5 Nc6 17. f4 b5 18. Bg2 c4 19. Qc2 b4 20. Bxf6 Qxf6 21. Nd5 Qxd6
22. Qxc4 Nd4 23. Kb1 Bb5 24. Qc7 Rd8 25. Qxd6 Rxd6 26. Rd2 b3 27. axb3 Kf8 28.
Nc3 Rb6 29. Rhd1 Nxb3 30. Rd8+ Be8 31. Re1 Bxc3 32. Rexe8+ Kg7 33. bxc3 Nd4+
34. Kc1 Ne6 35. Rb8 1-0

[Event "TOP 16 Poule Basse"]
[Site "Le Port Marly FRA"]
[Date "2009.05.28"]
[Round "8"]
[White "Pira, D."]
[Black "Postny, E."]
[Result "0-1"]
[WhiteElo "2388"]
[BlackElo "2648"]
[PlyCount "64"]
[EventDate "2009.05.28"]

1. d4 Nf6 2. Nf3 d5 3. c4 c6 4. e3 Bg4 5. h3 Bh5 6. Nc3 e6 7. g4 Bg6 8. Ne5
Nbd7 9. h4 dxc4 10. h5 Nxe5 11. hxg6 Nxg6 12. Bxc4 Bb4 13. Bd2 Bxc3 14. Bxc3
Ne4 15. Qc2 Nxc3 16. bxc3 Qg5 17. Qe4 Qa5 18. Kd2 O-O-O 19. Kc2 Nf8 20. Rh5 Qc7
21. Qh1 Nd7 22. Rxh7 Rxh7 23. Qxh7 c5 24. dxc5 Qxc5 25. Bb3 Ne5 26. Qe4 Qb5 27.
Re1 Nd3 28. Rb1 Nxf2 29. Bxe6+ fxe6 30. Rxb5 Nxe4 31. Re5 Nf6 32. g5 Rd5 0-1

[Event "TOP 16 Poule Basse"]
[Site "Le Port Marly FRA"]
[Date "2009.05.28"]
[Round "8"]
[White "Koch, JR."]
[Black "San Emeterio Cabanes, J."]
[Result "0-1"]
[WhiteElo "2453"]
[BlackElo "2392"]
[PlyCount "76"]
[EventDate "2009.05.28"]

1. e4 c5 2. Nf3 Nc6 3. d4 cxd4 4. Nxd4 Nf6 5. Nc3 e5 6. Ndb5 d6 7. Bg5 a6 8.
Na3 b5 9. Bxf6 gxf6 10. Nd5 Bg7 11. Bd3 Ne7 12. Nxe7 Qxe7 13. c4 f5 14. O-O O-O
15. Qh5 Rb8 16. exf5 e4 17. Rae1 Bb7 18. Qg4 Rfe8 19. cxb5 d5 20. bxa6 Bc6 21.
b3 h5 22. Qg3 Kf8 23. Nb1 Be5 24. f4 Bf6 25. Qf2 Qb4 26. a3 Qd4 27. Bc2 e3 28.
Qf3 Bb5 29. Re2 Bxa6 30. Qxh5 Bxe2 31. Qxe2 Rec8 32. Kh1 Qb2 33. Bd3 Qxe2 34.
Bxe2 Rxb3 35. g4 Rcb8 36. g5 Rxb1 37. gxf6 Rxf1+ 38. Bxf1 Rb2 0-1

[Event "TOP 16 Poule Basse"]
[Site "Le Port Marly FRA"]
[Date "2009.05.28"]
[Round "8"]
[White "Pucher, O."]
[Black "Lamorelle, Y."]
[Result "1-0"]
[WhiteElo "2313"]
[BlackElo "2201"]
[PlyCount "111"]
[EventDate "2009.05.28"]

1. d4 Nf6 2. c4 g6 3. Nc3 Bg7 4. e4 O-O 5. Nf3 d6 6. Be2 e5 7. O-O Nc6 8. d5
Ne7 9. Nd2 c5 10. Rb1 b6 11. b4 Ne8 12. a4 f5 13. a5 Nf6 14. axb6 axb6 15. f3
f4 16. bxc5 bxc5 17. Nb3 g5 18. Bd2 Kh8 19. Ra1 Rxa1 20. Qxa1 g4 21. Qa5 Qe8
22. fxg4 Nxg4 23. Qc7 Rf6 24. h3 Nh6 25. Nb5 Bxh3 26. Bf3 Qd7 27. Ra1 Bf8 28.
Be1 Rg6 29. Qxd7 Bxd7 30. Ra7 Bg4 31. Kf1 Kg8 32. Na5 Nc8 33. Ra8 Nb6 34. Rb8
Nd7 35. Rd8 Nb6 36. Rb8 Nd7 37. Rd8 Nb6 38. Bh4 Nf7 39. Rb8 Nd7 40. Ra8 Bxf3
41. gxf3 Rh6 42. Bd8 Nxd8 43. Rxd8 Nb6 44. Nc7 Kf7 45. Ne6 Be7 46. Rb8 Rh1+ 47.
Kg2 Rb1 48. Kh3 Rb2 49. Rh8 Bf6 50. Rxh7+ Kg6 51. Nf8+ Kg5 52. Rf7 Ra2 53. Nh7+
Kg6 54. Rxf6+ Kxh7 55. Rxd6 Nc8 56. Rc6 1-0

[Event "TOP 16 Poule Basse"]
[Site "Le Port Marly FRA"]
[Date "2009.05.28"]
[Round "8"]
[White "Carpentier, P."]
[Black "Hisler, T."]
[Result "1/2-1/2"]
[WhiteElo "2235"]
[BlackElo "2232"]
[PlyCount "92"]
[EventDate "2009.05.28"]

1. e4 e5 2. Nc3 Bc5 3. Bc4 d6 4. d3 c6 5. f4 b5 6. Bb3 Nf6 7. Nf3 Qe7 8. fxe5
dxe5 9. Bg5 h6 10. Bh4 Nbd7 11. Qe2 Bb7 12. a4 a6 13. axb5 axb5 14. Rxa8+ Bxa8
15. Nd1 Qd8 16. Bf2 Qb6 17. O-O O-O 18. Ne3 Bb7 19. Nh4 Kh7 20. h3 g6 21. Qf3
Bc8 22. g4 b4 23. Nc4 Bxf2+ 24. Qxf2 Qxf2+ 25. Kxf2 Kg7 26. Nf3 h5 27. g5 Nh7
28. Ncxe5 Nxe5 29. Nxe5 Bxh3 30. Rh1 Be6 31. Bxe6 fxe6+ 32. Ke3 Nxg5 33. Nxc6
b3 34. cxb3 Rf3+ 35. Ke2 Rg3 36. Rh2 Rg1 37. Nd4 Rc1 38. Ke3 e5 39. Nf3 Nxf3
40. Kxf3 Rc5 41. b4 Rb5 42. Rc2 Rxb4 43. Rc5 Rb3 44. Rxe5 Rxd3+ 45. Kf4 Rb3 46.
Kg5 Rg3+ 1/2-1/2

[Event "TOP 16 Poule Basse"]
[Site "Le Port Marly FRA"]
[Date "2009.05.28"]
[Round "8"]
[White "Kozakov, M."]
[Black "Vaisser, A."]
[Result "0-1"]
[WhiteElo "2457"]
[BlackElo "2513"]
[PlyCount "134"]
[EventDate "2009.05.28"]

1. e4 c5 2. Nf3 e6 3. d4 cxd4 4. Nxd4 Nf6 5. Nc3 Nc6 6. Ndb5 d6 7. Bf4 e5 8.
Bg5 a6 9. Na3 b5 10. Nd5 Be7 11. Bxf6 Bxf6 12. c3 Bg5 13. Nc2 O-O 14. a4 bxa4
15. Rxa4 a5 16. Bc4 Rb8 17. b3 Kh8 18. Nce3 Bxe3 19. Nxe3 Ne7 20. O-O Bb7 21.
Qd3 f5 22. exf5 Bc6 23. Be6 Bxa4 24. bxa4 g6 25. g4 gxf5 26. gxf5 Qc7 27. Rd1
Rbd8 28. c4 Nc6 29. Nc2 Nb4 30. Qc3 Qc6 31. Ne3 Qe4 32. Nf1 Nc6 33. Ng3 Qg4 34.
f3 Qf4 35. Ne2 Qh4 36. Qe3 Rb8 37. Qf2 Qxf2+ 38. Kxf2 Rb2 39. Ke3 Rb3+ 40. Ke4
Rb2 41. Rxd6 Rxe2+ 42. Kd3 Rxh2 43. Rxc6 h5 44. Rb6 h4 45. c5 Rh1 46. c6 Rc1
47. Bd7 h3 48. Rb2 Kg7 49. Ke4 Rh8 50. Kxe5 Re1+ 51. Kf4 h2 52. Rxh2 Rxh2 53.
c7 Rc1 54. f6+ Kxf6 55. c8=Q Rxc8 56. Bxc8 Ke7 57. Bf5 Ra2 58. Ke3 Rxa4 59. Kd2
Rb4 60. Kc3 Kd6 61. Bg6 Kc5 62. f4 a4 63. Bc2 a3 64. Bb3 Rxf4 65. Ba2 Rb4 66.
Bb3 Rb8 67. Ba2 Rb2 0-1

[Event "TOP 16 Poule Basse"]
[Site "Le Port Marly FRA"]
[Date "2009.05.28"]
[Round "8"]
[White "Rozentalis, E."]
[Black "Landenbergue, C."]
[Result "1-0"]
[WhiteElo "2595"]
[BlackElo "2410"]
[PlyCount "103"]
[EventDate "2009.05.28"]

1. e4 c5 2. Nf3 Nf6 3. e5 Nd5 4. g3 d6 5. Bg2 Nc6 6. exd6 e6 7. d4 Qxd6 8. O-O
Be7 9. dxc5 Qxc5 10. Nbd2 Nf6 11. Nb3 Qb6 12. Be3 Qc7 13. Bf4 e5 14. Nxe5 Nxe5
15. Re1 Nfd7 16. Qh5 Bf6 17. Bxe5 Nxe5 18. f4 O-O 19. fxe5 g6 20. Qe2 Re8 21.
Qf2 Bxe5 22. c3 Bd7 23. Qc5 Bc6 24. Rad1 Rad8 25. Bxc6 bxc6 26. Kg2 Re6 27. Qc4
Rde8 28. Nc5 R6e7 29. a4 Bg7 30. Rxe7 Rxe7 31. Na6 Qe5 32. Rf1 Re6 33. Nb4 h5
34. Qf4 Qxf4 35. Rxf4 Bf8 36. Kf1 f5 37. Rc4 c5 38. Nd3 Rb6 39. b4 cxb4 40.
cxb4 Bd6 41. a5 Rb7 42. Rd4 Be7 43. a6 Rc7 44. b5 Kf7 45. Ne5+ Ke6 46. Nxg6 Bd6
47. Nf4+ Kd7 48. Rd5 Rc5 49. Rxc5 Bxc5 50. Ke2 Bg1 51. Kd3 Kc7 52. h4 1-0

[Event "TOP 16 Poule Basse"]
[Site "Le Port Marly FRA"]
[Date "2009.05.28"]
[Round "8"]
[White "Chomet, P."]
[Black "Doettling, F."]
[Result "1/2-1/2"]
[WhiteElo "2342"]
[BlackElo "2564"]
[PlyCount "54"]
[EventDate "2009.05.28"]

1. e4 c6 2. d3 d5 3. Nd2 g6 4. g3 Bg7 5. Bg2 e5 6. Ngf3 Ne7 7. O-O O-O 8. Re1
Qc7 9. c3 Nd7 10. d4 exd4 11. cxd4 dxe4 12. Nxe4 Nd5 13. a4 N7f6 14. Nc5 Bf5
15. Ne5 Rfe8 16. Bd2 Rad8 17. a5 Nd7 18. Ncxd7 Bxd7 19. Bxd5 cxd5 20. Bf4 Qc8
21. Rc1 Bc6 22. a6 Bxe5 23. Bxe5 Re6 24. Qd2 Rde8 25. h4 bxa6 26. Bf4 Rxe1+ 27.
Rxe1 Rxe1+ 1/2-1/2

[Event "TOP 16 Poule Basse"]
[Site "Le Port Marly FRA"]
[Date "2009.05.28"]
[Round "8"]
[White "Kallai, G."]
[Black "Le Roy, B."]
[Result "1-0"]
[WhiteElo "2462"]
[BlackElo "2307"]
[PlyCount "64"]
[EventDate "2009.05.28"]

1. Nf3 c5 2. c4 Nc6 3. d4 cxd4 4. Nxd4 g6 5. e4 Bg7 6. Be3 Nf6 7. Nc3 Ng4 8.
Qxg4 Nxd4 9. Qd1 e5 10. Bd3 O-O 11. O-O a6 12. Qd2 Re8 13. Bg5 f6 14. Be3 f5
15. exf5 gxf5 16. Nd5 d6 17. Bxd4 exd4 18. Qc2 Kh8 19. Rae1 Be6 20. Bxf5 Bxd5
21. Rxe8+ Qxe8 22. cxd5 Qe5 23. Bxh7 Re8 24. Bg6 Qe2 25. Qf5 Rb8 26. Rc1 Qe7
27. Qh5+ Kg8 28. Bf5 Be5 29. Re1 d3 30. Be6+ Kg7 31. Re4 Rh8 32. Rg4+ Kf8 1-0

[Event "TOP 16 Poule Basse"]
[Site "Le Port Marly FRA"]
[Date "2009.05.28"]
[Round "8"]
[White "Vuilleumier, A."]
[Black "Roos, Dan"]
[Result "1/2-1/2"]
[WhiteElo "2312"]
[BlackElo "2425"]
[PlyCount "133"]
[EventDate "2009.05.28"]

1. e4 c6 2. d4 d5 3. Nc3 dxe4 4. Nxe4 Nf6 5. Nxf6+ gxf6 6. c3 Bf5 7. Nf3 Nd7 8.
g3 Qa5 9. Bg2 Qa6 10. Nh4 Bg6 11. d5 Ne5 12. Nxg6 hxg6 13. Qe2 Qxe2+ 14. Kxe2
cxd5 15. f4 Nc6 16. Bxd5 e6 17. Bf3 Bd6 18. h4 O-O-O 19. Be3 Kc7 20. h5 gxh5
21. Rxh5 Rhg8 22. Rh7 Rd7 23. Kf2 b6 24. Bh5 Rf8 25. Rd1 f5 26. b4 f6 27. Rxd7+
Kxd7 28. Bc5 bxc5 29. bxc5 Rc8 30. Be2 Nb8 31. Bb5+ Kc7 32. Rxd6 Kb7 33. Rxe6
Rxc5 34. Ba4 Rxc3 35. Rxf6 Rc5 36. Ke3 Rc3+ 37. Kf2 Rc5 38. Ke1 Na6 39. Kd2 Nb4
40. Bb3 Ra5 41. a4 Nc6 42. Kd3 Kc7 43. Kc4 Kb6 44. Kd3 Kc7 45. Rf7+ Kd6 46. Rb7
a6 47. Rf7 Rc5 48. Rf6+ Ke7 49. Rh6 Rc1 50. Bc4 Nb4+ 51. Kd4 Nc2+ 52. Ke5 Re1+
53. Kxf5 Ne3+ 54. Kg5 Nxc4 55. Rxa6 Rg1 56. Kg4 Ne3+ 57. Kf3 Nf5 58. Ra5 Kf6
59. Kf2 Ra1 60. Ra6+ Ke7 61. g4 Ra2+ 62. Kf3 Ra3+ 63. Ke2 Nd4+ 64. Kd2 Rf3 65.
f5 Nxf5 66. gxf5 Rxf5 67. Kc3 1/2-1/2

[Event "TOP 16 Poule Basse"]
[Site "Le Port Marly FRA"]
[Date "2009.05.28"]
[Round "8"]
[White "Roos, Louis1"]
[Black "Derieux, C."]
[Result "1-0"]
[WhiteElo "2350"]
[BlackElo "2144"]
[PlyCount "71"]
[EventDate "2009.05.28"]

1. d4 Nf6 2. Nf3 c5 3. c3 b6 4. Bg5 e6 5. e3 Be7 6. Nbd2 Bb7 7. Bd3 Nc6 8. O-O
cxd4 9. exd4 Nd5 10. Bxe7 Qxe7 11. Re1 Nf4 12. Bf1 d5 13. g3 Ng6 14. h4 O-O 15.
Bd3 Qf6 16. Nh2 Rfe8 17. Qh5 Nf8 18. Ng4 Qd8 19. Re3 f5 20. Nh2 g6 21. Qe2 e5
22. dxe5 f4 23. gxf4 d4 24. Rg3 Qxh4 25. Rg4 Qe7 26. Ne4 Kh8 27. Nf3 Red8 28.
Nd6 dxc3 29. bxc3 Rab8 30. Ng5 Rxd6 31. exd6 Qf6 32. Ne4 Qf7 33. Bc4 Qd7 34.
Rd1 Kg7 35. Bd5 Re8 36. c4 1-0

[Event "TOP 16 Poule Basse"]
[Site "Le Port Marly FRA"]
[Date "2009.05.28"]
[Round "8"]
[White "Choisy, M."]
[Black "Roos, J."]
[Result "1-0"]
[WhiteElo "2139"]
[BlackElo "2273"]
[PlyCount "72"]
[EventDate "2009.05.28"]

1. e4 e6 2. d4 d5 3. Nc3 Bb4 4. e5 c5 5. a3 Bxc3+ 6. bxc3 Ne7 7. Qg4 O-O 8. Bd3
f5 9. exf6 Rxf6 10. Qh5 g6 11. Qh4 Rf7 12. Nf3 Nbc6 13. Ng5 Rg7 14. Nf3 c4 15.
Be2 Qa5 16. Bd2 Bd7 17. g4 Rc8 18. O-O Qc7 19. Bh6 g5 20. Qh5 Rg6 21. Bxg5 e5
22. Nh4 exd4 23. Bxe7 Nxe7 24. Nxg6 hxg6 25. Qg5 Qd6 26. cxd4 Nc6 27. Bf3 Nxd4
28. Qxd5+ Qxd5 29. Bxd5+ Kg7 30. Rfe1 Rd8 31. Rad1 Nxc2 32. Re7+ Kf6 33. Rf7+
Ke5 34. Bxc4 Be6 35. Rxd8 Bxf7 36. Bxf7 Nd4 1-0

[Event "TOP 16 Poule Basse"]
[Site "Le Port Marly FRA"]
[Date "2009.05.28"]
[Round "8"]
[White "Nicoara, M."]
[Black "Stenel, V."]
[Result "1/2-1/2"]
[WhiteElo "2167"]
[BlackElo "2103"]
[PlyCount "97"]
[EventDate "2009.05.28"]

1. d4 Nf6 2. c4 e6 3. Nc3 Bb4 4. Qc2 Bxc3+ 5. Qxc3 Ne4 6. Qc2 f5 7. e3 c5 8.
Bd3 Qa5+ 9. Bd2 Qxd2+ 10. Qxd2 Nxd2 11. Kxd2 O-O 12. f4 b6 13. Nf3 Bb7 14. Rhf1
Na6 15. a3 Nc7 16. h3 Be4 17. g4 Bxd3 18. Kxd3 Ne8 19. Nd2 Nd6 20. b3 g6 21.
Rae1 a5 22. a4 Rad8 23. Re2 Nb7 24. d5 Nd6 25. Rfe1 Nf7 26. Rg1 Kg7 27. e4 fxg4
28. hxg4 e5 29. f5 Ng5 30. Rh1 d6 31. Ke3 Rd7 32. Reh2 Kf6 33. Rh6 Rff7 34. Nf1
Rg7 35. Ng3 Kf7 36. R1h2 Rg8 37. Nf1 Kf6 38. Rh1 Kf7 39. R1h2 Rg7 40. Ng3 Rb7
41. Nf1 Kf8 42. Ng3 Rbf7 43. Rf2 Ke7 44. Rh1 Rf6 45. Rfh2 Rff7 46. Rh6 Rf6 47.
R6h4 Rff7 48. Rh6 Rf6 49. R6h4 1/2-1/2

[Event "TOP 16 Poule Basse"]
[Site "Le Port Marly FRA"]
[Date "2009.05.29"]
[Round "9"]
[White "Colovic, A."]
[Black "Delchev, A."]
[Result "0-1"]
[WhiteElo "2443"]
[BlackElo "2648"]
[PlyCount "56"]
[EventDate "2009.05.28"]

1. d4 Nf6 2. c4 e6 3. g3 c5 4. Nf3 cxd4 5. Nxd4 Qc7 6. Nc3 a6 7. Bg2 Qxc4 8.
O-O Nc6 9. Nb3 d5 10. Bf4 Be7 11. a3 a5 12. Rc1 Qa6 13. a4 O-O 14. Nb5 Ne8 15.
Bc7 Bd7 16. e4 Nb4 17. Bxa5 Bxb5 18. axb5 Qxb5 19. Bxb4 Qxb4 20. exd5 Rd8 21.
Qc2 exd5 22. Rfd1 Nf6 23. Rd4 Qb6 24. Rcd1 Rc8 25. Qd3 Bd6 26. Rh4 Be5 27. Nd4
g6 28. b3 Rfe8 0-1

[Event "TOP 16 Poule Basse"]
[Site "Le Port Marly FRA"]
[Date "2009.05.29"]
[Round "9"]
[White "Bacrot, E."]
[Black "Dobrev, Nan"]
[Result "1-0"]
[WhiteElo "2728"]
[BlackElo "2366"]
[PlyCount "65"]
[EventDate "2009.05.28"]

1. e4 e5 2. Nf3 Nc6 3. Bb5 a6 4. Ba4 Nf6 5. O-O Be7 6. Re1 b5 7. Bb3 d6 8. c3
O-O 9. h3 Rb8 10. d3 Re8 11. Ng5 Rf8 12. Nd2 g6 13. Ngf3 Re8 14. d4 Bf8 15. Ng5
Re7 16. d5 Na5 17. Bc2 c5 18. b3 Nh5 19. Nf1 Bg7 20. Nf3 Qe8 21. Bg5 Rc7 22. a4
f5 23. axb5 Qxb5 24. Bd8 Qd7 25. Bxc7 Qxc7 26. exf5 gxf5 27. Nxe5 Bxe5 28. Qxh5
Nxb3 29. Bxb3 Rxb3 30. f4 Bf6 31. Ng3 Bd7 32. Re8+ Kg7 33. Rae1 1-0

[Event "TOP 16 Poule Basse"]
[Site "Le Port Marly FRA"]
[Date "2009.05.29"]
[Round "9"]
[White "Karim, I."]
[Black "Nataf, IA."]
[Result "1/2-1/2"]
[WhiteElo "2407"]
[BlackElo "2533"]
[PlyCount "33"]
[EventDate "2009.05.28"]

1. e4 c5 2. Nf3 d6 3. d4 cxd4 4. Nxd4 Nf6 5. Nc3 g6 6. Be3 Bg7 7. f3 Nc6 8. Qd2
Bd7 9. Be2 Rc8 10. O-O Ne5 11. Nd5 Nc4 12. Bxc4 Rxc4 13. b3 Nxd5 14. exd5 Rc8
15. c4 O-O 16. Rfe1 Re8 17. Rad1 1/2-1/2

[Event "TOP 16 Poule Basse"]
[Site "Le Port Marly FRA"]
[Date "2009.05.29"]
[Round "9"]
[White "Miton, K."]
[Black "Eliet, N."]
[Result "1-0"]
[WhiteElo "2596"]
[BlackElo "2429"]
[PlyCount "71"]
[EventDate "2009.05.28"]

1. d4 d5 2. c4 c6 3. e3 Nf6 4. Nc3 Bf5 5. Nf3 e6 6. Nh4 Bg6 7. Nxg6 hxg6 8. g3
Nbd7 9. Bg2 Be7 10. O-O dxc4 11. Qe2 Nb6 12. Rd1 Nfd5 13. e4 Nxc3 14. bxc3 Rh5
15. e5 Qc7 16. a4 a5 17. Rb1 O-O-O 18. Qa2 Rdh8 19. h4 Kd7 20. Rd2 Rb8 21. Rdb2
Nd5 22. Qxc4 Ba3 23. Rc2 Bxc1 24. Rcxc1 Rhh8 25. Qc5 Rhc8 26. Rb3 Ke8 27. Rcb1
Kd7 28. Bf3 b6 29. Qa3 Rb7 30. Kg2 Ke8 31. Rh1 Kd7 32. h5 gxh5 33. Bxh5 Ke8 34.
c4 Nb4 35. Rf3 Qb8 36. Rxf7 1-0

[Event "TOP 16 Poule Basse"]
[Site "Le Port Marly FRA"]
[Date "2009.05.29"]
[Round "9"]
[White "Shoker, S."]
[Black "Gozzoli, Y."]
[Result "1/2-1/2"]
[WhiteElo "2404"]
[BlackElo "2499"]
[PlyCount "29"]
[EventDate "2009.05.28"]

1. g3 e5 2. Bg2 d5 3. d3 c6 4. Nf3 Bd6 5. O-O Nf6 6. e4 O-O 7. Nc3 dxe4 8. Nxe4
Nxe4 9. dxe4 Bg4 10. c3 Qc7 11. Qc2 Nd7 12. h3 Bh5 13. Nh4 Rfe8 14. Bf3 Bxf3
15. Nxf3 1/2-1/2

[Event "TOP 16 Poule Basse"]
[Site "Le Port Marly FRA"]
[Date "2009.05.29"]
[Round "9"]
[White "Forestier, F."]
[Black "Marzolo, C."]
[Result "1-0"]
[WhiteElo "2164"]
[BlackElo "2476"]
[PlyCount "65"]
[EventDate "2009.05.28"]

1. c4 Nc6 2. Nc3 e5 3. g3 g6 4. Bg2 Bg7 5. e4 d6 6. Nge2 Be6 7. d3 Qd7 8. h3 f5
9. exf5 gxf5 10. O-O h5 11. f4 h4 12. gxh4 O-O-O 13. Rb1 Nf6 14. b4 Ne7 15. b5
Kb8 16. Qa4 Rdg8 17. Rb3 Bh6 18. Be3 Nc8 19. Bxa7+ Nxa7 20. Ra3 Rxg2+ 21. Kxg2
Qg7+ 22. Kf2 Bxf4 23. Qxa7+ Kc8 24. Nxf4 exf4 25. Rg1 Qh6 26. h5 Rg8 27. Rxg8+
Bxg8 28. Qa8+ Kd7 29. Qxb7 Qg5 30. Qg2 Qh4+ 31. Kf1 Bf7 32. Ne2 Bxh5 33. Nd4
1-0

[Event "TOP 16 Poule Basse"]
[Site "Le Port Marly FRA"]
[Date "2009.05.29"]
[Round "9"]
[White "Delorme, L."]
[Black "Forestier, C."]
[Result "0-1"]
[WhiteElo "2177"]
[BlackElo "2099"]
[PlyCount "70"]
[EventDate "2009.05.28"]

1. d4 d5 2. c4 c6 3. Nf3 Nf6 4. Nc3 e6 5. Bg5 h6 6. Bh4 dxc4 7. e4 g5 8. Bg3 b5
9. e5 Nd5 10. Nd2 Bb7 11. Nce4 Nd7 12. h4 Qb6 13. hxg5 Qxd4 14. Qg4 Qxb2 15.
Rb1 Qc2 16. g6 O-O-O 17. g7 Bxg7 18. Nd6+ Kb8 19. Bxc4 Bxe5 20. Bxd5 exd5 21.
Nxf7 Bxg3 22. Qxg3+ Ka8 23. O-O Rhg8 24. Qd6 Qxd2 25. Nxd8 Qg5 26. g3 Rxd8 27.
Rfe1 Nb6 28. Qc7 Rc8 29. Qf7 Nc4 30. Re7 Nd6 31. Qh7 d4 32. Rd7 Qd5 33. Qxh6 c5
34. Qh4 d3 35. Rxb5 d2 0-1

[Event "TOP 16 Poule Basse"]
[Site "Le Port Marly FRA"]
[Date "2009.05.29"]
[Round "9"]
[White "Kotronias, V."]
[Black "Todorov, T."]
[Result "1/2-1/2"]
[WhiteElo "2610"]
[BlackElo "2163"]
[PlyCount "73"]
[EventDate "2009.05.28"]

1. e4 c5 2. Nf3 Nc6 3. d4 cxd4 4. Nxd4 d5 5. Bb5 dxe4 6. Nxc6 Qxd1+ 7. Kxd1 a6
8. Ba4 Bd7 9. Nc3 Bxc6 10. Bxc6+ bxc6 11. Nxe4 f5 12. Nd2 e5 13. f3 Nf6 14. c3
O-O-O 15. Kc2 Bd6 16. Nc4 Bc7 17. Bg5 h6 18. Bxf6 gxf6 19. g3 Kd7 20. Kd3 h5
21. Ke2 Ke6 22. h3 Rdg8 23. Rag1 Rh7 24. g4 f4 25. a4 e4 26. Nd2 exf3+ 27. Nxf3
hxg4 28. hxg4 Rxh1 29. Rxh1 Rxg4 30. Rh7 Be5 31. Kf2 Rg8 32. Rb7 Rb8 33. Rxb8
Bxb8 34. Ke2 Kd5 35. Kd3 Be5 36. Nd2 c5 37. b3 1/2-1/2

[Event "TOP 16 Poule Basse"]
[Site "Le Port Marly FRA"]
[Date "2009.05.29"]
[Round "9"]
[White "Lazarev, V."]
[Black "Mchedlishvili, M."]
[Result "1/2-1/2"]
[WhiteElo "2479"]
[BlackElo "2586"]
[PlyCount "36"]
[EventDate "2009.05.28"]

1. d4 d6 2. Nf3 g6 3. c4 Bg7 4. Nc3 Bg4 5. g3 Bxf3 6. exf3 e6 7. d5 exd5 8.
cxd5 Ne7 9. Qb3 Nd7 10. Qxb7 O-O 11. Qb3 c6 12. dxc6 Nxc6 13. Qd1 d5 14. Bb5
Bxc3+ 15. bxc3 Qa5 16. Bxc6 Qxc3+ 17. Bd2 Qxc6 18. O-O d4 1/2-1/2

[Event "TOP 16 Poule Basse"]
[Site "Le Port Marly FRA"]
[Date "2009.05.29"]
[Round "9"]
[White "Damljanovic, B."]
[Black "Komarov, Di"]
[Result "1/2-1/2"]
[WhiteElo "2573"]
[BlackElo "2530"]
[PlyCount "60"]
[EventDate "2009.05.28"]

1. c4 e5 2. g3 c6 3. d4 e4 4. f3 Nf6 5. Bg2 d5 6. cxd5 cxd5 7. Nc3 Bb4 8. Bg5
O-O 9. fxe4 dxe4 10. e3 h6 11. Bxf6 Qxf6 12. Nge2 Bg4 13. Qd2 Nc6 14. Nf4 Rad8
15. O-O Qe7 16. Qc2 Bxc3 17. bxc3 Rfe8 18. h3 Bc8 19. g4 Na5 20. c4 b6 21. Rfc1
Ba6 22. c5 Nc4 23. Qa4 Nxe3 24. Qxa6 Rxd4 25. c6 Qc7 26. Ne2 Rd2 27. Rc3 Nd5
28. Rb3 Qxc6 29. Rc1 Rc2 30. Rxc2 Qxc2 1/2-1/2

[Event "TOP 16 Poule Basse"]
[Site "Le Port Marly FRA"]
[Date "2009.05.29"]
[Round "9"]
[White "Acher, M."]
[Black "Berthelot, Y."]
[Result "1-0"]
[WhiteElo "2381"]
[BlackElo "2324"]
[PlyCount "61"]
[EventDate "2009.05.28"]

1. e4 c5 2. Nf3 Nc6 3. Bb5 Qb6 4. a4 e6 5. O-O Nge7 6. b3 Ng6 7. Bb2 f6 8. Nc3
Be7 9. Bxc6 bxc6 10. Ne2 O-O 11. h4 f5 12. exf5 Rxf5 13. Ng3 Rf8 14. h5 Nf4 15.
h6 gxh6 16. Ne5 d6 17. Ng4 Bg5 18. Ne4 Qd8 19. g3 e5 20. d3 Nd5 21. c4 h5 22.
Nh2 Nb6 23. Qxh5 Be7 24. Rad1 Qe8 25. Qxe8 Rxe8 26. f4 Bh3 27. Rf3 exf4 28. g4
d5 29. Nf2 Bxg4 30. Nhxg4 Bg5 31. Bf6 1-0

[Event "TOP 16 Poule Basse"]
[Site "Le Port Marly FRA"]
[Date "2009.05.29"]
[Round "9"]
[White "Karr, JP."]
[Black "Miralles, G."]
[Result "1/2-1/2"]
[WhiteElo "2388"]
[BlackElo "2477"]
[PlyCount "107"]
[EventDate "2009.05.28"]

1. d4 d5 2. c4 e6 3. Nc3 Nf6 4. cxd5 exd5 5. Bg5 Nbd7 6. e3 Bb4 7. Qc2 c5 8.
dxc5 Qa5 9. Bd3 O-O 10. Nge2 Ne4 11. Bxe4 dxe4 12. O-O Qxc5 13. Bf4 Re8 14.
Rfd1 Nf6 15. Bd6 Qa5 16. Bxb4 Qxb4 17. Rd4 Qc5 18. Ng3 Bf5 19. Qa4 Qe5 20. Qb5
Bg6 21. Qxb7 Rab8 22. Qxa7 Rxb2 23. Qa3 Rb6 24. Rad1 h5 25. h4 Rc6 26. Nce2 Bf5
27. Rd8 Rc8 28. Rxe8+ Rxe8 29. Qc3 Bg4 30. Qxe5 Rxe5 31. Rd8+ Kh7 32. Nc3 Be6
33. a4 Rc5 34. Ngxe4 Nxe4 35. Nxe4 Rc1+ 36. Kh2 f6 37. Rd6 Bf5 38. Rd4 Rc2 39.
Kg3 Kh6 40. Nd6 Be6 41. f3 Ra2 42. Ne4 Bf7 43. Nc5 Rc2 44. Nb7 Bc4 45. Rd1 Be2
46. Ra1 g5 47. Nd6 Kg6 48. e4 gxh4+ 49. Kxh4 Ba6 50. Kg3 Kg5 51. Nf5 Bd3 52. a5
Rc5 53. f4+ Kg6 54. Kf3 1/2-1/2